Which Country is Furthest South? - Statistics

General Stats
  • This quiz has been taken 111 times
  • The average score is 8 of 15
Answer Stats
Question Answer % Correct
? Yemen
100%
? Paraguay
80%
? Tanzania
80%
? Botswana
60%
? Japan
60%
? Mauritius
60%
? Nicaragua
60%
? Albania
40%
? Azerbaijan
40%
? Chile
40%
? Cyprus
40%
? Fiji
40%
? Sweden
40%
? Thailand
40%
? Andorra
0%
No matching quizzes found
Score Distribution
Percent of People with Each Score
Percentile by Number Answered
Your Score History
You have not taken this quiz